SPSS (Superior performing software systems) - modul Answer tree, Príklad segmentácie trhu
Program SPSS - vznik, história. Program je vyvíjaný súkromnou firmou SPSS, Inc. Chicago. Krédom firmy je premeňte informácie vo vedomosti". Program SPSS je riešený formou modulov, ktoré majú rôzne určenie. Program Answer Tree - charakteristika. Použitie algoritmov.
Enregistré dans:
| Auteur principal: | |
|---|---|
| Autres auteurs: | |
| Format: | Chapitre de livre |
| Langue: | slovaque |
| Sujets: | |
| Tags: |
Pas de tags, Soyez le premier à ajouter un tag!
|
MARC
| LEADER | 00000naa$a2200000$$$4500 | ||
|---|---|---|---|
| 001 | 0072254 | ||
| 005 | 20240502071845.3 | ||
| 041 | 0 | |a slo | |
| 044 | |a SK | ||
| 245 | 1 | 0 | |a SPSS (Superior performing software systems) - modul Answer tree, Príklad segmentácie trhu |c Adriana Horníková, Jozef Chajdiak |
| 520 | |a Program SPSS - vznik, história. Program je vyvíjaný súkromnou firmou SPSS, Inc. Chicago. Krédom firmy je premeňte informácie vo vedomosti". Program SPSS je riešený formou modulov, ktoré majú rôzne určenie. Program Answer Tree - charakteristika. Použitie algoritmov. | ||
| 610 | 2 | 0 | |a systémy počítačové |
| 610 | 2 | 0 | |a programy počítačové |
| 610 | 2 | 0 | |a softvér |
| 610 | 2 | 0 | |a metódy štatistické |
| 610 | 2 | 0 | |a moduly |
| 610 | 2 | 0 | |a segmentácia trhu |
| 100 | 1 | |a Horníková, Adriana | |
| 700 | 1 | |a Chajdiak, Jozef | |